RICS Sanctions Policy: (Record no. 122213)

MARC details
000 -LEADER
fixed length control field 00962nam a22001937a 4500
005 - DATE AND TIME OF LATEST TRANSACTION
control field 20250923092220.0
008 - FIXED-LENGTH DATA ELEMENTS--GENERAL INFORMATION
fixed length control field 250923s2020 xxk|||||o|||| 00| 0 eng d
041 ## - LANGUAGE CODE
Language code of text/sound track or separate title eng
110 ## - MAIN ENTRY--CORPORATE NAME
Corporate author Royal Institution of Chartered Surveyors
245 ## - TITLE STATEMENT
Title RICS Sanctions Policy:
Subtitle Supplement 4 Disciplinary History version 8
Medium [Electronic resource]
260 ## - PUBLICATION INFORMATION
Place of publication London,
Publisher Royal Institution of Chartered Surveyors,
Date 2020
500 ## - GENERAL NOTE
General note with effect from 2 March 2020
520 ## - ABSTRACT
Abstract This is a supplement to the Sanctions Policy and sets out the Standards and Regulation <br/>Board’s approach to the provision of a Regulated Member’s disciplinary history
651 ## - SUBJECT ADDED ENTRY--GEOGRAPHIC NAME
Geographic name International
690 ## - BROAD SUBJECT
9 (RLIN) 6277
Broad subject RICS
710 ## - ADDED CORPORATE NAME
Added corporate author Royal Institution of Chartered Surveyors
856 ## - ONLINE RESOURCE
Uniform Resource Identifier <a href="https://www.rics.org/content/dam/ricsglobal/documents/regulation/2-march-2020-rics-sanctions-policy-supplement-4-disciplinary-history-version-8-with-effect.pdf">https://www.rics.org/content/dam/ricsglobal/documents/regulation/2-march-2020-rics-sanctions-policy-supplement-4-disciplinary-history-version-8-with-effect.pdf</a>
Public note Available on RICS.org
942 ## - ADDED ENTRY ELEMENTS (KOHA)
Suppress in OPAC Do not suppress in OPAC
Holdings
Lost status Damaged status Not for loan Current library Shelving location Date acquired Total Checkouts Full call number Date last seen Price effective from Koha item type
      Virtual Online 23/09/2025   ONLINE PUBLICATION 23/09/2025 23/09/2025 Online material